00000000nam##2200000za#4500
0019.663753
003CaOODSP
00520200401064612
007co |||||||||||
008150407|2002||||xxc    |q  d f### # eng|d
020 |a0-662-66581-3
040 |aCaOODSP|beng
041 |aeng
041 |afre
043 |an-cn---
0861 |aH39-597/2002-MRC
1101 |aCanada.|bHealth Canada. |bPopulation and Public Health Branch.
24510|aProtecting the health and safety of Canadians: the Centre for Emergency Preparedness and Response |h[electronic resource]
260 |aOttawa - Ontario : |bHealth Canada. |c2002.
300 |a1 disc.
7760#|tProtecting the health and safety of Canadians : |w(CaOODSP)9.695877
7760#|tPour protéger la santé et assurer la sécurité des Canadiens : |w(CaOODSP)9.640000
7760#|tPour protéger la santé et assurer la sécurité des Canadiens: le Centre de mesures et d'interventions d'urgence |w(CaOODSP)9.663340
792 |tPour protéger la santé et assurer la sécurité des Canadiens: le Centre de mesures et d'interventions d'urgence |efre|w(CaOODSP)9.663754